[Event "Botvinnik"]
[Site "Quebec CAN"]
[Date "2016.01.18"]
[Round "2"]
[White "Potvin, Alain-Nicolas"]
[Black "Bluteau, Yvon"]
[Result "0-1"]
[WhiteElo "1798"]
[BlackElo "1959"]
[PlyCount "72"]
[EventDate "2016.01.11"]
[EventType "swiss"]
[EventRounds "5"]
[EventCountry "CAN"]

1. d4 Nf6 2. Nf3 b6 3. Bg5 Bb7 4. e3 h6 5. Bh4 e6 6. Bd3 d5 7. Qe2 Be7 8. O-O
O-O 9. Nbd2 Nc6 10. c3 Re8 11. e4 dxe4 12. Nxe4 Nxe4 13. Bxe7 Nxe7 14. Bxe4
Bxe4 15. Qxe4 Qd5 16. Rfe1 Rac8 17. b3 Red8 18. c4 Qxe4 19. Rxe4 Nf5 20. g4 Nd6
21. Re2 Nb7 22. Rd1 Rd6 23. Red2 Rcd8 24. b4 f6 25. h4 R8d7 26. Kf1 Nd8 27. b5
Nb7 28. Ke2 Kf8 29. Ke3 Na5 30. Rc1 c6 31. bxc6 Rxc6 32. c5 b5 33. Ke4 g6 34.
d5 exd5+ 35. Rxd5 Re6+ 36. Kd4 Nc6+ 0-1

[Event "Botvinnik"]
[Site "Quebec CAN"]
[Date "2016.01.25"]
[Round "3"]
[White "Bluteau, Yvon"]
[Black "Dube, Daniel"]
[Result "1-0"]
[WhiteElo "1959"]
[BlackElo "1974"]
[PlyCount "111"]
[EventDate "2016.01.11"]
[EventType "swiss"]
[EventRounds "5"]
[EventCountry "CAN"]

1. Nf3 Nf6 2. g3 g6 3. Bg2 Bg7 4. O-O O-O 5. d3 d5 6. Bg5 Nbd7 7. Qd2 c6 8. Bh6
e5 9. Bxg7 Kxg7 10. Nc3 b5 11. e3 Qe7 12. a3 a5 13. Nh4 Nc5 14. f4 exf4 15.
exf4 Ng4 16. Rae1 Qa7 17. d4 Ne6 18. Ne2 f5 19. Nf3 Bb7 20. c3 Rae8 21. Ne5
Nxe5 22. fxe5 Bc8 23. Nf4 Bd7 24. b4 Qc7 25. h4 h5 26. Bf3 Rh8 27. Re2 axb4 28.
cxb4 Qa7 29. Nxe6+ Bxe6 30. Re3 Qe7 31. Rc3 Bd7 32. Re1 Qe6 33. Qf4 Ra8 34. Bg2
Ra7 35. Qg5 Rha8 36. Ree3 Be8 37. Rf3 Rf7 38. Rf2 Bd7 39. Bf3 Kh7 40. Be2 Qe7
41. Qf4 Qe6 42. g4 hxg4 43. Bxg4 Raf8 44. Be2 Rh8 45. Rh3 Kg8 46. Rg2 Rg7 47.
Qg5 Rhh7 48. Qd8+ Kf7 49. h5 gxh5 50. Bxh5+ Rxh5 51. Rxg7+ Kxg7 52. Rxh5 Be8
53. Rg5+ Kh6 54. Rg2 Kh7 55. Qh4+ Qh6 56. Qe7+ 1-0

[Event "Botvinnik"]
[Site "Quebec CAN"]
[Date "2016.01.25"]
[Round "3"]
[White "Doyon, Stephane"]
[Black "Glode, Martin"]
[Result "1-0"]
[WhiteElo "1754"]
[BlackElo "1769"]
[PlyCount "59"]
[EventDate "2016.01.11"]
[EventType "swiss"]
[EventRounds "5"]
[EventCountry "CAN"]

1. e4 e6 2. d4 d5 3. Nd2 dxe4 4. Nxe4 Nd7 5. Nf3 Ngf6 6. Nxf6+ Nxf6 7. Bd3 c5
8. dxc5 Bxc5 9. O-O O-O 10. Bg5 Be7 11. Qe2 Nd5 12. Bxe7 Qxe7 13. Rad1 Nf4 14.
Qe4 Nxd3 15. Rxd3 f6 16. Rfd1 e5 17. Nd4 Qf7 18. Nb5 Be6 19. Nd6 Qc7 20. Rc3
Qb6 21. Nc4 Rfd8 22. Rdd3 Qa6 23. Ne3 Rac8 24. h3 Qb5 25. Rxd8+ Rxd8 26. Rc7
Qe2 27. Qxb7 Qh5 28. Rxg7+ Kh8 29. Qxa7 Rd1+ 30. Nxd1 1-0

[Event "Botvinnik"]
[Site "Quebec CAN"]
[Date "2016.01.25"]
[Round "3"]
[White "Lessard, Claude"]
[Black "Laprade, Jean jr"]
[Result "1-0"]
[WhiteElo "2025"]
[BlackElo "1503"]
[PlyCount "55"]
[EventDate "2016.01.11"]
[EventType "swiss"]
[EventRounds "5"]
[EventCountry "CAN"]

1. d4 Nf6 2. Nf3 e6 3. g3 d5 4. Bg2 b6 5. O-O Bb7 6. Ne5 Be7 7. c4 O-O 8. Nc3
c6 9. cxd5 cxd5 10. e3 a6 11. f4 Nbd7 12. Bd2 b5 13. Ne2 Nb6 14. Ba5 Qd6 15.
Bxb6 Qxb6 16. g4 Qd6 17. Ng3 Nd7 18. g5 g6 19. h4 f6 20. gxf6 Bxf6 21. Qg4 Bxe5
22. fxe5 Qe7 23. Bh3 Rae8 24. h5 Qg7 25. Rac1 Rxf1+ 26. Rxf1 Nxe5 27. dxe5 Qxe5
28. Qf4 1-0

[Event "Botvinnik"]
[Site "Quebec CAN"]
[Date "2016.01.25"]
[Round "3"]
[White "Tremblay-Alix, Eric"]
[Black "Bergeron, Marc"]
[Result "1/2-1/2"]
[WhiteElo "1771"]
[BlackElo "1940"]
[PlyCount "93"]
[EventDate "2016.01.11"]
[EventType "swiss"]
[EventRounds "5"]
[EventCountry "CAN"]

1. Nf3 Nf6 2. c4 c5 3. Nc3 d5 4. e3 d4 5. Ne2 Nc6 6. exd4 cxd4 7. d3 e5 8. Ng3
Bb4+ 9. Bd2 Bxd2+ 10. Qxd2 O-O 11. Be2 Ne8 12. O-O a5 13. Rfe1 f6 14. Rac1 Qb6
15. Bd1 a4 16. a3 Nc7 17. Ne4 Ne6 18. c5 Qa5 19. Qc2 Nf4 20. g3 Nd5 21. Nd6 Ra7
22. Nxc8 Rxc8 23. Nd2 Nce7 24. Bf3 b5 25. Ne4 Ra6 26. Qe2 Rac6 27. Nd6 R8c7 28.
Be4 Rxc5 29. Rxc5 Rxc5 30. Nb7 Qc7 31. Nxc5 Qxc5 32. Qd2 b4 33. Rc1 Qb5 34. Qc2
bxa3 35. bxa3 Nc3 36. Ra1 Ned5 37. Kg2 Kf8 38. Bxh7 Qb7 39. Kg1 Qb3 40. Qd2 Nc7
41. f4 N7d5 42. fxe5 Ne3 43. Qf2 Qf7 44. Be4 fxe5 45. Qxf7+ Kxf7 46. Kf2 Ng4+
47. Kg2 1/2-1/2

[Event "Botvinnik"]
[Site "Quebec CAN"]
[Date "2016.02.01"]
[Round "4"]
[White "Beauchesne, Jonathan"]
[Black "HalHal, Sami"]
[Result "0-1"]
[WhiteElo "1651"]
[BlackElo "1813"]
[PlyCount "82"]
[EventDate "2016.01.11"]
[EventType "swiss"]
[EventRounds "5"]
[EventCountry "CAN"]

1. e4 c5 2. c3 Nc6 3. d4 e6 4. Nf3 d5 5. exd5 Qxd5 6. Na3 cxd4 7. Nb5 Bd6 8.
Nbxd4 Nge7 9. Be3 O-O 10. Nxc6 Nxc6 11. Qxd5 exd5 12. O-O-O Be6 13. Bc4 Ne7 14.
Bb3 a5 15. Nd4 a4 16. Bc2 a3 17. b3 Rfc8 18. Nb5 Be5 19. Bd4 Bf4+ 20. Kb1 Ra5
21. g3 Bb8 22. Bd3 Bf5 23. Nxa3 Rxa3 24. Kb2 Bd6 25. Bb5 Rca8 26. Ra1 R3a5 27.
a4 Be4 28. Rhe1 Rf8 29. b4 Raa8 30. Kb3 Nc6 31. Bb6 f5 32. a5 Ne5 33. a6 bxa6
34. Bxa6 Nd3 35. Rf1 f4 36. Bb7 Rab8 37. Ra7 fxg3 38. hxg3 Bxg3 39. Rg1 Be5 40.
Bd4 Bxd4 41. cxd4 Rf7 0-1

[Event "Botvinnik"]
[Site "Quebec CAN"]
[Date "2016.02.01"]
[Round "4"]
[White "Bluteau, Yvon"]
[Black "Lessard, Claude"]
[Result "0-1"]
[WhiteElo "1959"]
[BlackElo "2025"]
[PlyCount "62"]
[EventDate "2016.01.11"]
[EventType "swiss"]
[EventRounds "5"]
[EventCountry "CAN"]

1. Nf3 Nf6 2. d4 d6 3. g3 g6 4. Bg2 Bg7 5. O-O O-O 6. Bf4 Nc6 7. c3 a6 8. Qc1
Re8 9. Rd1 Bd7 10. Bh6 Bh8 11. h3 Rb8 12. Nbd2 e5 13. dxe5 Nxe5 14. Nxe5 Rxe5
15. Nf3 Re8 16. Be3 Bc6 17. Qc2 Rxe3 18. fxe3 Qe7 19. Kh2 Nd5 20. Nd4 Nxe3 21.
Nxc6 bxc6 22. Qd3 Nxd1 23. Rxd1 Rxb2 24. Qxa6 Bxc3 25. Qxc6 Qxe2 26. Rc1 Be5
27. Qa8+ Kg7 28. Rxc7 Bxg3+ 29. Kxg3 Qf2+ 30. Kh2 Qf4+ 31. Kg1 Rb1+ 0-1

[Event "Botvinnik"]
[Site "Quebec CAN"]
[Date "2016.02.01"]
[Round "4"]
[White "Lapointe, Daniel"]
[Black "Tremblay-Alix, Eric"]
[Result "0-1"]
[WhiteElo "1608"]
[BlackElo "1771"]
[PlyCount "75"]
[EventDate "2016.01.11"]
[EventType "swiss"]
[EventRounds "5"]
[EventCountry "CAN"]

1. Nf3 Nf6 2. c4 b6 3. d4 Bb7 4. Nc3 e6 5. e3 d5 6. cxd5 exd5 7. Be2 Be7 8. O-O
O-O 9. Qc2 Nbd7 10. b3 a6 11. Bb2 Bd6 12. Bd3 Re8 13. Rfe1 Ne4 14. Ne2 Ndf6 15.
Rac1 Ng4 16. Rf1 Bxh2+ 17. Nxh2 Nxh2 18. Kxh2 Qh4+ 19. Kg1 Re6 20. Bxe4 Rh6 21.
Bxh7+ Rxh7 22. f3 c6 23. Qf5 Bc8 24. Qf4 Qe7 25. Rxc6 Bd7 26. Rxb6 Re8 27. Qe5
Qd8 28. Qd6 Rh6 29. Qxh6 gxh6 30. Rxh6 Qg5 31. Rh1 Bb5 32. Rf2 Qxe3 33. Bc1 Qd3
34. Nf4 Re1+ 35. Kh2 Rxh1+ 36. Kxh1 Qd1+ 37. Kh2 Qxc1 38. g4 0-1

[Event "Botvinnik"]
[Site "Quebec CAN"]
[Date "2016.02.08"]
[Round "5"]
[White "Beauchesne, Jonathan"]
[Black "Bergeron, Marc"]
[Result "0-1"]
[WhiteElo "1651"]
[BlackElo "1940"]
[PlyCount "52"]
[EventDate "2016.01.11"]
[EventType "swiss"]
[EventRounds "5"]
[EventCountry "CAN"]

1. e4 Nc6 2. Nf3 d6 3. d4 Nf6 4. Nc3 Bg4 5. Be2 e6 6. Be3 d5 7. exd5 Nxd5 8.
Nxd5 Qxd5 9. O-O Be7 10. c3 O-O 11. Nd2 Bxe2 12. Qxe2 f5 13. f4 Rf6 14. Rf3 Rg6
15. Bf2 Rd8 16. Nc4 b5 17. Ne5 Nxe5 18. fxe5 c5 19. a4 b4 20. a5 bxc3 21. bxc3
Rg4 22. Kf1 Re4 23. Qa6 cxd4 24. Bxd4 Rd7 25. Bxa7 Rxa7 26. Qc8+ Bf8 0-1

[Event "Botvinnik"]
[Site "Quebec CAN"]
[Date "2016.02.08"]
[Round "5"]
[White "HalHal, Sami"]
[Black "Dube, Daniel"]
[Result "0-1"]
[WhiteElo "1813"]
[BlackElo "1974"]
[PlyCount "94"]
[EventDate "2016.01.11"]
[EventType "swiss"]
[EventRounds "5"]
[EventCountry "CAN"]

1. d4 c5 2. Nf3 cxd4 3. Nxd4 Nf6 4. Nc3 Nc6 5. e4 e5 6. Ndb5 d6 7. f3 a6 8. Na3
Be6 9. Be3 d5 10. exd5 Nxd5 11. Nxd5 Bxd5 12. Nc4 Bxc4 13. Qxd8+ Rxd8 14. Bxc4
Nd4 15. Rc1 Bc5 16. Kf2 b5 17. Bb3 Nxb3 18. axb3 Rd2+ 19. Kg3 Bxe3 20. c4 O-O
21. Ra1 bxc4 22. bxc4 Bf2+ 23. Kh3 Rd4 24. g3 Rxc4 25. Rxa6 Rb4 26. Rb1 Bd4 27.
b3 g6 28. Kg4 Rfb8 29. Ra3 f5+ 30. Kh3 e4 31. fxe4 fxe4 32. Rd1 e3 33. Ra2 Rf8
34. Rd3 Rf2 35. Rxf2 exf2 36. Kg2 Kf7 37. Rf3+ Ke6 38. h3 Rb7 39. Kf1 Rf7 40.
Rd3 Ke5 41. b4 Ke4 42. Rd1 Rf3 43. Kg2 Rb3 44. g4 Rxb4 45. Kg3 Rb3+ 46. Kg2 Ke3
47. Kf1 Ra3 0-1

[Event "Botvinnik"]
[Site "Quebec CAN"]
[Date "2016.02.08"]
[Round "5"]
[White "Lessard, Claude"]
[Black "Hirschberg, Valerian"]
[Result "1/2-1/2"]
[WhiteElo "2025"]
[BlackElo "2327"]
[PlyCount "128"]
[EventDate "2016.01.11"]
[EventType "swiss"]
[EventRounds "5"]
[EventCountry "CAN"]

1. Nf3 c5 2. d4 cxd4 3. Nxd4 Nf6 4. g3 g6 5. Bg2 Bg7 6. O-O O-O 7. c3 Nc6 8.
Na3 d5 9. Nac2 e5 10. Nxc6 bxc6 11. c4 Be6 12. cxd5 cxd5 13. b3 Rc8 14. Ba3 Re8
15. Bb2 Nd7 16. Nb4 Nb6 17. Rc1 Qd7 18. Nd3 Rxc1 19. Qxc1 Rc8 20. Qd2 d4 21.
Rc1 Bd5 22. Nc5 Qf5 23. e4 dxe3 24. Qxe3 Bxg2 25. Kxg2 Nd5 26. Qe4 Qxe4+ 27.
Nxe4 Rxc1 28. Bxc1 Bf8 29. Bb2 f6 30. Nc3 Nxc3 31. Bxc3 Kf7 32. Kf3 Ke6 33. g4
Kd5 34. Ke2 Bc5 35. f3 Bd4 36. Bd2 e4 37. fxe4+ Kxe4 38. a4 f5 39. gxf5 gxf5
40. b4 f4 41. b5 f3+ 42. Kf1 Kd3 43. Be1 Kc4 44. Bd2 Kb3 45. a5 Kc4 46. b6 axb6
47. axb6 Bxb6 48. Ba5 Bd4 49. Bc7 Kd3 50. Bg3 Ke4 51. h3 h6 52. Bh4 Be5 53. Bf2
Bh2 54. Bh4 Kf4 55. Bf2 h5 56. Bb6 Kg3 57. Bc7+ Kxh3 58. Bxh2 Kxh2 59. Kf2 Kh3
60. Kxf3 Kh2 61. Kf2 h4 62. Kf3 h3 63. Kf2 Kh1 64. Kf1 h2 1/2-1/2

[Event "Botvinnik"]
[Site "Quebec CAN"]
[Date "2016.02.08"]
[Round "5"]
[White "Tremblay-Alix, Eric"]
[Black "Bluteau, Yvon"]
[Result "0-1"]
[WhiteElo "1771"]
[BlackElo "1959"]
[PlyCount "54"]
[EventDate "2016.01.11"]
[EventType "swiss"]
[EventRounds "5"]
[EventCountry "CAN"]

1. f4 Nf6 2. Nf3 d5 3. e3 c5 4. Be2 Nc6 5. O-O Qc7 6. Nc3 a6 7. d4 e6 8. Kh1
Bd7 9. Ne5 Bd6 10. Bf3 cxd4 11. exd4 Na5 12. Qd3 Rc8 13. Re1 O-O 14. Rb1 Bb4
15. Nxd7 Qxd7 16. Bd2 Nc4 17. a3 Nxd2 18. Qxd2 Bxc3 19. bxc3 b5 20. Re3 Qd6 21.
f5 exf5 22. Re5 Ne4 23. Bxe4 fxe4 24. Qe3 Qxa3 25. Rxd5 Qa2 26. Rb3 Qxc2 27. c4
Qd1+ 0-1

[Event "British Columbia-ch"]
[Site "Vancouver CAN"]
[Date "2016.10.07"]
[Round "1.1"]
[White "Doknjas, John"]
[Black "Kenney, Jason"]
[Result "1/2-1/2"]
[WhiteElo "2292"]
[BlackElo "2204"]
[PlyCount "107"]
[EventDate "2016.10.07"]
[EventType "tourn"]
[EventRounds "7"]
[EventCountry "CAN"]

1. d4 Nf6 2. c4 g6 3. Nc3 Bg7 4. e4 d6 5. Nf3 O-O 6. h3 e5 7. d5 Nh5 8. g3 Na6
9. Nd2 Bh6 10. Nb3 Bxc1 11. Nxc1 Nc5 12. b4 Nd7 13. Nd3 a5 14. bxa5 Rxa5 15.
Bg2 Nc5 16. O-O Bd7 17. Nc1 Na4 18. Qc2 Nxc3 19. Qxc3 b6 20. f4 exf4 21. g4 Ng7
22. Rxf4 Qg5 23. Rf2 h5 24. gxh5 Nxh5 25. Ne2 Qe5 26. Rf3 Rfa8 27. Qxe5 dxe5
28. a3 Rc5 29. Rc3 Ra4 30. Rac1 Bc8 31. Rd1 Ba6 32. d6 cxd6 33. Rxd6 Rcxc4 34.
Rb3 Rc2 35. Nc3 Bc4 36. Nxa4 Bxb3 37. Nxb6 Nf4 38. Bf1 Ra2 39. Nd7 Rxa3 40.
Nxe5 Be6 41. h4 Ra4 42. Nf3 Rxe4 43. Rd4 Ne2+ 44. Bxe2 Rxe2 45. Rd2 Re3 46. Kf2
Ra3 47. Kg3 Kg7 48. Rd4 Kh6 49. Kf4 Ra5 50. Kg3 Kh5 51. Rd8 Kh6 52. Rd4 Rf5 53.
Rf4 Ra5 54. Rd4 1/2-1/2

[Event "British Columbia-ch"]
[Site "Vancouver CAN"]
[Date "2016.10.07"]
[Round "1.2"]
[White "Gentes, Kevin"]
[Black "Doknjas, Joshua"]
[Result "1-0"]
[WhiteElo "2350"]
[BlackElo "2215"]
[PlyCount "147"]
[EventDate "2016.10.07"]
[EventType "tourn"]
[EventRounds "7"]
[EventCountry "CAN"]

1. Nf3 c5 2. g3 g6 3. c3 Bg7 4. d4 Qa5 5. Nbd2 cxd4 6. Nb3 Qb6 7. Nfxd4 Nf6 8.
Bg2 d6 9. O-O a6 10. h3 Nbd7 11. Be3 Qc7 12. Nd2 O-O 13. c4 Ne5 14. Rc1 Bd7 15.
Qb3 Nc6 16. N4f3 Rac8 17. Bb6 Qb8 18. Rfd1 Be8 19. Qa3 Nd7 20. Be3 Nc5 21. b4
Ne6 22. Nb3 Ne5 23. Nxe5 Bxe5 24. Na5 b6 25. Nb3 Qa7 26. c5 bxc5 27. bxc5 Qb8
28. f4 Bf6 29. cxd6 Rxc1 30. Nxc1 exd6 31. Qxa6 Qb2 32. Qxd6 Ba4 33. Rf1 Nd4
34. Bf2 Rc8 35. Nd3 Nxe2+ 36. Kh2 Qc3 37. Ne5 Kg7 38. Qa6 Qc2 39. Re1 Nxf4 40.
gxf4 Qxf2 41. Qxf6+ Kxf6 42. Ng4+ Kg7 43. Nxf2 Rc2 44. Nd3 Rxa2 45. Rc1 Bd7 46.
Rc3 Be6 47. Kg3 Ra7 48. Nc5 Bf5 49. Nb7 Ra2 50. Rc7 Rd2 51. Nc5 Kf8 52. Be4
Bxe4 53. Nxe4 Rd3+ 54. Kg4 h6 55. Nc5 Rd6 56. Kf3 Kg8 57. Ke4 Kg7 58. Nd7 Re6+
59. Ne5 Rf6 60. h4 h5 61. Ra7 Kg8 62. Ra8+ Kg7 63. Ra7 Kg8 64. Nf3 Re6+ 65. Kd3
Rf6 66. Ke3 Re6+ 67. Kf2 Rf6 68. Kg3 Kg7 69. Rd7 Kg8 70. Nd4 Kg7 71. f5 Kg8 72.
Kf4 gxf5 73. Nxf5 Kf8 74. Rd8# 1-0

[Event "British Columbia-ch"]
[Site "Vancouver CAN"]
[Date "2016.10.07"]
[Round "1.3"]
[White "Morozov, Grigory"]
[Black "Salcedo, Daniel"]
[Result "1-0"]
[WhiteElo "2368"]
[BlackElo "1996"]
[PlyCount "87"]
[EventDate "2016.10.07"]
[EventType "tourn"]
[EventRounds "7"]
[EventCountry "CAN"]

1. d4 Nf6 2. c4 g6 3. Nc3 Bg7 4. e4 d6 5. Nf3 O-O 6. Be2 e5 7. dxe5 dxe5 8.
Qxd8 Rxd8 9. Bg5 Nbd7 10. O-O-O Rf8 11. Nd5 Nxd5 12. cxd5 f6 13. Be3 Rd8 14.
Bc4 Kh8 15. Ne1 Bf8 16. Nd3 Re8 17. f3 Kg7 18. g4 Bd6 19. h4 Nb6 20. Bb3 Bd7
21. Rh2 a5 22. a3 Ba4 23. Bxa4 Nxa4 24. Rc2 Rec8 25. Kb1 Nb6 26. Nc5 Bxc5 27.
Bxc5 Nd7 28. Be3 Ra6 29. Rdc1 c6 30. dxc6 Raxc6 31. Rxc6 bxc6 32. a4 Kf7 33. b3
c5 34. Rd1 Ke6 35. Rd5 Rc6 36. Kc2 Rc8 37. Kc3 Rc6 38. Rd3 Rb6 39. Bd2 Rb4 40.
Kc2 c4 41. Rxd7 cxb3+ 42. Kb2 Kxd7 43. Bxb4 axb4 44. Kxb3 1-0

[Event "British Columbia-ch"]
[Site "Vancouver CAN"]
[Date "2016.10.07"]
[Round "1.4"]
[White "Cao, Jason"]
[Black "Sohal, Tanraj"]
[Result "1/2-1/2"]
[WhiteElo "2400"]
[BlackElo "2393"]
[PlyCount "58"]
[EventDate "2016.10.07"]
[EventType "tourn"]
[EventRounds "7"]
[EventCountry "CAN"]

1. e4 c5 2. Nf3 e6 3. d4 cxd4 4. Nxd4 Nf6 5. Nc3 Nc6 6. Ndb5 d6 7. Bf4 e5 8.
Bg5 a6 9. Na3 b5 10. Bxf6 Qxf6 11. Nd5 Qd8 12. c3 Be7 13. Nc2 O-O 14. a4 bxa4
15. Rxa4 Bg5 16. Be2 Ne7 17. O-O Nxd5 18. Qxd5 Be6 19. Qd3 Qb6 20. Rb4 Qc7 21.
Ra1 a5 22. Rba4 Rab8 23. b4 axb4 24. cxb4 Rfc8 25. Ne3 Bxe3 26. Qxe3 Qc2 27. b5
h6 28. Bf1 Bc4 29. Rb4 Bxf1 1/2-1/2

[Event "British Columbia-ch"]
[Site "Vancouver CAN"]
[Date "2016.10.08"]
[Round "2.1"]
[White "Kenney, Jason"]
[Black "Sohal, Tanraj"]
[Result "0-1"]
[WhiteElo "2204"]
[BlackElo "2393"]
[PlyCount "96"]
[EventDate "2016.10.07"]
[EventType "tourn"]
[EventRounds "7"]
[EventCountry "CAN"]

1. e4 c5 2. Nf3 e6 3. b3 Nc6 4. Bb2 a6 5. d4 cxd4 6. Nxd4 Qf6 7. Be2 Bc5 8. c3
Qg6 9. O-O Nge7 10. Nd2 O-O 11. Bd3 d6 12. Qe2 e5 13. N4f3 Qh5 14. b4 Ba7 15.
Nc4 Ng6 16. Bc1 Rd8 17. Be3 Be6 18. a4 d5 19. exd5 Bxd5 20. Ng5 Qxe2 21. Bxe2
h6 22. Nh3 Bxe3 23. fxe3 Nh4 24. Rf2 Be6 25. Nb6 Rab8 26. Kf1 Nf5 27. e4 Nd6
28. Bf3 Nc4 29. Nxc4 Bxc4+ 30. Be2 Be6 31. Ke1 a5 32. b5 Ne7 33. Bd1 Nc8 34.
Rd2 Rxd2 35. Kxd2 Bxh3 36. gxh3 Nd6 37. Ke3 Rc8 38. Rc1 b6 39. Bb3 Nb7 40. Bd5
Nc5 41. Ra1 Rd8 42. h4 Rd6 43. h5 Kf8 44. Ra2 f5 45. Kf3 fxe4+ 46. Bxe4 Rf6+
47. Ke3 Rf4 48. Bc2 Rh4 0-1

[Event "British Columbia-ch"]
[Site "Vancouver CAN"]
[Date "2016.10.08"]
[Round "2.2"]
[White "Salcedo, Daniel"]
[Black "Cao, Jason"]
[Result "0-1"]
[WhiteElo "1996"]
[BlackElo "2400"]
[PlyCount "62"]
[EventDate "2016.10.07"]
[EventType "tourn"]
[EventRounds "7"]
[EventCountry "CAN"]

1. d4 Nf6 2. c4 g6 3. Nc3 d5 4. Nf3 Bg7 5. Qb3 dxc4 6. Qxc4 O-O 7. e4 Nfd7 8.
Bf4 Nc6 9. Rd1 Nb6 10. Qc5 Bg4 11. d5 Bxf3 12. gxf3 Ne5 13. Be2 Qd6 14. Qxd6
cxd6 15. Bg5 Rfe8 16. Nb5 h6 17. Bc1 Rec8 18. f4 Nec4 19. Nd4 Na4 20. e5 dxe5
21. fxe5 Ncxb2 22. Bxb2 Nxb2 23. Rb1 Bxe5 24. Rxb2 Bxd4 25. Rxb7 Rc2 26. Rxe7
Bc5 27. Re4 Rb8 28. O-O Rbb2 29. Rc4 Rxe2 30. Rxc5 Rxa2 31. Rd1 Rxf2 0-1

[Event "British Columbia-ch"]
[Site "Vancouver CAN"]
[Date "2016.10.08"]
[Round "2.3"]
[White "Doknjas, Joshua"]
[Black "Morozov, Grigory"]
[Result "1-0"]
[WhiteElo "2215"]
[BlackElo "2368"]
[PlyCount "95"]
[EventDate "2016.10.07"]
[EventType "tourn"]
[EventRounds "7"]
[EventCountry "CAN"]

1. e4 e6 2. d4 d5 3. Nc3 Bb4 4. e5 Qd7 5. a3 Bf8 6. Nf3 b6 7. Bb5 c6 8. Ba4 Ba6
9. Ne2 Bb5 10. Bb3 Bc4 11. Bxc4 dxc4 12. Nd2 Qd5 13. O-O c5 14. Nc3 Qd7 15.
dxc5 Bxc5 16. Nxc4 Nc6 17. Qf3 Rd8 18. Be3 Nd4 19. Bxd4 Qxd4 20. Rad1 Qh4 21.
Qc6+ Kf8 22. Rxd8+ Qxd8 23. Rd1 Qb8 24. Na4 g6 25. Nxc5 bxc5 26. Qxc5+ Kg7 27.
Rd7 Nh6 28. Qe7 Re8 29. Qd6 Qa8 30. Ne3 a5 31. h3 Qe4 32. Qd4 Qc6 33. c4 Rb8
34. Qd6 Qb6 35. c5 Qxb2 36. c6 Nf5 37. Qxe6 Rf8 38. Nxf5+ gxf5 39. Qf6+ Kg8 40.
Qg5+ Kh8 41. Qf6+ Kg8 42. Kh2 Qc1 43. Rd3 f4 44. Rf3 Rc8 45. e6 Qxc6 46. Qxf7+
Kh8 47. Qf6+ Kg8 48. Rxf4 1-0

[Event "British Columbia-ch"]
[Site "Vancouver CAN"]
[Date "2016.10.08"]
[Round "2.4"]
[White "Doknjas, John"]
[Black "Gentes, Kevin"]
[Result "0-1"]
[WhiteElo "2292"]
[BlackElo "2350"]
[PlyCount "122"]
[EventDate "2016.10.07"]
[EventType "tourn"]
[EventRounds "7"]
[EventCountry "CAN"]

1. d4 e6 2. c4 Nf6 3. Nc3 Bb4 4. e3 b6 5. Nge2 Ba6 6. a3 Be7 7. Nf4 d5 8. Qf3
c6 9. b3 O-O 10. Bb2 Nbd7 11. cxd5 Bxf1 12. dxe6 Ba6 13. exd7 Qxd7 14. O-O-O
Bb7 15. e4 b5 16. e5 Nd5 17. Ncxd5 cxd5 18. Nd3 Rfc8+ 19. Kb1 a5 20. g4 a4 21.
b4 Qc6 22. Rc1 Qg6 23. Rxc8+ Rxc8 24. Re1 Rc4 25. h3 Bc8 26. Ka1 Bg5 27. Rd1
Be6 28. Qg3 Be7 29. f4 Bf5 30. Qe3 Be4 31. Nf2 Bc2 32. Rc1 Bh4 33. Nd1 Bb3 34.
Nc3 Qc6 35. Qf3 Be7 36. Qe3 h6 37. Re1 Bh4 38. Re2 Kh8 39. Rd2 Be7 40. Qf3 Bxb4
41. Rd3 Ba5 42. f5 b4 43. axb4 Bxb4 44. Nb1 Rc2 45. Rxb3 axb3 46. Qxb3 Qa6+ 47.
Na3 Rc4 48. Kb1 Bxa3 49. Bxa3 Rxd4 50. Bb2 Qd3+ 51. Qc2 Qd1+ 52. Qxd1 Rxd1+ 53.
Kc2 Rh1 54. Kd3 Rxh3+ 55. Kd4 Rb3 56. Bc1 Rb4+ 57. Kxd5 Rxg4 58. e6 fxe6+ 59.
fxe6 Kg8 60. Ba3 Ra4 61. Bd6 Ra6 0-1

[Event "British Columbia-ch"]
[Site "Vancouver CAN"]
[Date "2016.10.08"]
[Round "3.1"]
[White "Gentes, Kevin"]
[Black "Kenney, Jason"]
[Result "1/2-1/2"]
[WhiteElo "2350"]
[BlackElo "2204"]
[PlyCount "74"]
[EventDate "2016.10.07"]
[EventType "tourn"]
[EventRounds "7"]
[EventCountry "CAN"]

1. Nf3 Nf6 2. g3 g6 3. Bg2 Bg7 4. O-O O-O 5. d4 d6 6. c4 Nc6 7. Nc3 a6 8. b3
Rb8 9. Bb2 b5 10. cxb5 axb5 11. Rc1 b4 12. Na4 Na7 13. Qc2 c6 14. e4 Qa5 15.
Rfe1 Ba6 16. Rcd1 Bb5 17. Nd2 Rfc8 18. Nc4 Qc7 19. Bh3 Rd8 20. Ne3 e6 21. e5
dxe5 22. dxe5 Rxd1 23. Rxd1 Nd7 24. f4 Nb6 25. Nxb6 Qxb6 26. Bd4 Qa5 27. Bc5
Bf8 28. Bxf8 Rxf8 29. Qd2 c5 30. a4 Ba6 31. Qd7 Nc8 32. Bg2 c4 33. Nxc4 Bxc4
34. bxc4 Nb6 35. Qb5 Qxa4 36. Rb1 Qa7 37. c5 Na4 1/2-1/2

[Event "British Columbia-ch"]
[Site "Vancouver CAN"]
[Date "2016.10.08"]
[Round "3.2"]
[White "Morozov, Grigory"]
[Black "Doknjas, John"]
[Result "1/2-1/2"]
[WhiteElo "2368"]
[BlackElo "2292"]
[PlyCount "63"]
[EventDate "2016.10.07"]
[EventType "tourn"]
[EventRounds "7"]
[EventCountry "CAN"]

1. d4 Nf6 2. c4 c5 3. d5 e6 4. Nc3 exd5 5. cxd5 d6 6. e4 g6 7. Nf3 Bg7 8. Be2
O-O 9. O-O a6 10. a4 Bg4 11. h3 Bxf3 12. Bxf3 Nbd7 13. Bg5 Re8 14. Re1 Qc7 15.
Qc2 c4 16. Be2 Rac8 17. Bf1 Ne5 18. Be3 Nfd7 19. f4 Nd3 20. Bxd3 cxd3 21. Qxd3
Nc5 22. Bxc5 Qxc5+ 23. Kh2 Bxc3 24. bxc3 Qxc3 25. Qxc3 Rxc3 26. Rab1 Rc4 27.
Rxb7 Rexe4 28. Rxe4 Rxe4 29. a5 Ra4 30. Rb6 Rxa5 31. Rxd6 Kf8 32. Rd7 1/2-1/2

[Event "British Columbia-ch"]
[Site "Vancouver CAN"]
[Date "2016.10.08"]
[Round "3.3"]
[White "Cao, Jason"]
[Black "Doknjas, Joshua"]
[Result "1-0"]
[WhiteElo "2400"]
[BlackElo "2215"]
[PlyCount "61"]
[EventDate "2016.10.07"]
[EventType "tourn"]
[EventRounds "7"]
[EventCountry "CAN"]

1. e4 c5 2. Nf3 d6 3. d4 cxd4 4. Nxd4 Nf6 5. Nc3 a6 6. h3 e5 7. Nde2 b5 8. g4
b4 9. Nd5 Nxd5 10. exd5 Nd7 11. Bg2 Be7 12. Ng3 Nb6 13. O-O Bg5 14. Bxg5 Qxg5
15. f4 Qh4 16. Ne4 Qe7 17. Qd2 O-O 18. fxe5 dxe5 19. d6 Qa7 20. Kh2 Nc4 21. Qg5
Kh8 22. Qe7 Bb7 23. Ng5 Bxg2 24. Nxf7+ Kg8 25. Nh6+ gxh6 26. Rxf8+ Rxf8 27.
Qxa7 Bd5 28. Rd1 Bf3 29. Rf1 Nd2 30. Rf2 Ne4 31. Rxf3 1-0

[Event "British Columbia-ch"]
[Site "Vancouver CAN"]
[Date "2016.10.08"]
[Round "3.4"]
[White "Sohal, Tanraj"]
[Black "Salcedo, Daniel"]
[Result "1-0"]
[WhiteElo "2393"]
[BlackElo "1996"]
[PlyCount "61"]
[EventDate "2016.10.07"]
[EventType "tourn"]
[EventRounds "7"]
[EventCountry "CAN"]

1. d4 Nf6 2. c4 g6 3. Nc3 Bg7 4. e4 d6 5. Nf3 O-O 6. Be2 e5 7. O-O Na6 8. Be3
Ng4 9. Bg5 f6 10. Bh4 h5 11. h3 exd4 12. Nxd4 Nh6 13. f4 Re8 14. f5 Nc5 15.
fxg6 Nxe4 16. Bxh5 c5 17. Ndb5 Nf5 18. Qd5+ Kh8 19. Nxe4 Be6 20. Qd2 Nxh4 21.
Nbxd6 f5 22. Nxe8 fxe4 23. Qxd8 Rxd8 24. Nxg7 Kxg7 25. Rf4 Nf5 26. Rxe4 Bg8 27.
Bg4 Nd6 28. Rd1 Nxe4 29. Rxd8 Bxc4 30. Rd7+ Kxg6 31. Rxb7 1-0

[Event "British Columbia-ch"]
[Site "Vancouver CAN"]
[Date "2016.10.09"]
[Round "4.1"]
[White "Kenney, Jason"]
[Black "Salcedo, Daniel"]
[Result "1-0"]
[WhiteElo "2204"]
[BlackElo "1996"]
[PlyCount "85"]
[EventDate "2016.10.07"]
[EventType "tourn"]
[EventRounds "7"]
[EventCountry "CAN"]

1. d4 Nf6 2. c4 g6 3. Nc3 Bg7 4. e4 d6 5. Nf3 O-O 6. h3 e5 7. d5 Na6 8. Be3 c6
9. g4 Qa5 10. Nd2 Nc5 11. a3 Ncxe4 12. Ncxe4 Nxe4 13. b4 Nxf2 14. bxa5 Nxd1 15.
Rxd1 f5 16. Be2 c5 17. Rb1 Rb8 18. O-O Bd7 19. Bg5 Rfe8 20. gxf5 Bxf5 21. Rb3
h6 22. Bh4 h5 23. Bxh5 Bh6 24. Rxf5 gxf5 25. Bxe8 Rxe8 26. Nf3 e4 27. Bg5 Bg7
28. Nh4 Bd4+ 29. Kf1 f4 30. Bxf4 Rf8 31. Ng6 Rf6 32. Rg3 Kh7 33. Ke2 Rxg6 34.
Rxg6 Kxg6 35. Bxd6 Kf5 36. Be7 a6 37. a4 Kg6 38. h4 Kf7 39. Bd6 Kg6 40. Be7 Kf7
41. Bg5 Bc3 42. Bd2 Bf6 43. h5 1-0